[Event "Kalyan op 2nd"]
[Site "Kalyan"]
[Date "2019.01.30"]
[Round "3"]
[White "Subramanian, RM."]
[Black "Isha, Pritam Inamdar"]
[Result "1-0"]
[WhiteElo "1780"]
[BlackElo "1379"]
[PlyCount "77"]
[EventDate "2019.01.29"]
[EventType "swiss"]
[EventRounds "10"]
[EventCountry "IND"]
[SourceTitle "CBM 188 Extra"]
[Source "ChessBase"]
[SourceDate "2019.02.26"]
[SourceVersion "1"]
[SourceVersionDate "2019.02.26"]
[SourceQuality "1"]

1. e4 c5 2. Nc3 g6 3. f4 Bg7 4. Nf3 Nc6 5. Bb5 Nd4 6. 0-0 e6 7. d3 Ne7 8. Nxd4 cxd4 9. Ne2 0-0 10. Qe1 a6 11. Ba4 b5 12. Bb3 Bb7 13. Qf2 Nc6 14. f5 exf5 15. exf5 d5 16. f6 Bh8 17. Nxd4 Ne5 18. Qh4 Nd7 19. Bg5 Nc5 20. Rf3 Bc8 21. Nc6 Nxb3 22. Nxd8 Rxd8 23. axb3 Be6 24. Re1 Re8 25. Rfe3 Rac8 26. c3 h5 27. Qf4 Rc6 28. Re5 Rec8 29. Rxe6 Rxe6 30. Rxe6 fxe6 31. f7+ Kf8 32. Bh6+ Bg7 33. Qd6+ Kxf7 34. Qd7+ Kf6 35. Bxg7+ Kf5 36. Qf7+ Kg5 37. Qf6+ Kg4 38. h3+ Kg3 39. Qg5# 1-0